000 00377cam a22001217a 4500
008 180718b1972 xxu||||| |||| 00| 0 eng d
082 _aA81x54 In2/71/Mon6
100 _aCensus of India 1971
245 _aThe changes in the sex ratio
260 _aDelhi
_bThe Manager of Publications
_c1972
300 _a105+p.
440 _aCensus of India 1971. Census Centenary Monograph No. 6
999 _c484831
_d484831